Name That Queen Quiz Stats

 Plays Quiz Updated Oct 12, 2014

Challenge
Share
Tweet
Score 0/20 Timer 07:00
0 Plays Today
% Correct
Snow White and the Seven Dwarfs
93%
Alice in Wonderland
92.1%
Frozen
92%
Star Wars Episode I: The Phantom Menace
92%
Shrek 2
88.5%
A Bug's Life
87.7%
Cleopatra
87.2%
Game of Thrones
81.8%
Elizabeth
75.4%
The Princess Diaries 2
71.3%
% Correct
Brave
70.2%
The Queen
68.1%
Aliens
67.2%
Marie Antoinette
62.1%
The Naked Gun
57.3%
Star Trek: First Contact
55%
Thor
42.2%
Shakespeare in Love
40.7%
Enchanted
33.3%
Mirror, Mirror
31%

You're not logged in!

Compare scores with friends on all Sporcle quizzes.
Join for Free
OR
Log In

You Might Also Like...

Show Comments

Extras

Top Quizzes Today


Score Distribution

Your Account Isn't Verified!

In order to create a playlist on Sporcle, you need to verify the email address you used during registration. Go to your Sporcle Settings to finish the process.

Report this User

Report this user for behavior that violates our Community Guidelines.

Details: